A Responsabilidade Civil nas Relaė̳s de Consumo

Detalles Bibliográficos
Autor principal: Barros Costa Monteiro, Joô Marcos Alencar
Formato: eBook
Lenguaje:portugués
Publicado: San Pablo: Letras Jurídicas Editora, 2020
Materias:
Acceso en línea:Acceso restringido

MARC

LEADER 00000nam a22000007a 4500
005 20201022124052.0
007 cr|||| ||||
008 201022s2020 br |||||s|||| 00||0 por d
020 |a 978-85-8248-200-1 
035 |a 32165 
040 |a vLex 
090 |c 10780  |d 10780 
100 1 |a Barros Costa Monteiro, Joô Marcos Alencar 
245 1 1 |a A Responsabilidade Civil nas Relaė̳s de Consumo  |h [Recurso electrn̤ico] /  |c Joô Marcos Alencar Barros Costa Monteiro 
256 |a Servicio en ln̕ea 
260 |a San Pablo:  |b Letras Jurídicas Editora,  |c 2020 
300 |a 1 recurso electrn̤ico 
500 |a O Direito do Consumidor ̌compreendido pelo conjunto e regras jurd̕icas que regem as relaė̳s entre fornecedor e consumidor, visando ̉qualidade, seguranȧ e credibilidade dos produtos e serviȯs colocados ̉disposiȯ̂ no mercado de consumo, sob o manto do ordenamento das boas prt̀icas comerciais, da proteȯ̂ contratual, prevenȯ̂ e reparaȯ̂ dos danos, alm̌ dos mecanismos de defesa dos consumidores, de forma individual, difusa e coletiva, com a previsô de sanė̳s criminais e administrativas. 
506 1 |a Disponible solo en los productos indicados  |d vLex Global  |d vLex Global (Academic Edition, excluding Law Schools)  |d vLex Global (U.S. Academic Edition, Law Schools)  |d vLex Global (U.S. Academic Edition, excluding Law Schools)  |d vLex Global (Academic Edition, Law Schools) 
650 0 4 |a Consumidores Usuarios  |z Brasil 
740 0 |a vLex Libros (Servicio en ln̕ea) 
856 4 0 |u http://vlex.com/source/responsabilidade-civil-nas-rela-es-de-consumo-32165  |z Acceso restringido 
942 |c BOOK 
999 0 |a Consumers Users